[Event "MCR mladeze v rapidu 2019"]
[Site "Trest"]
[Date "2019.09.07"]
[Round "6"]
[White "Simunek, Jakub Simon"]
[Black "Prazak, Daniel"]
[Result "1-0"]
[BlackElo "1681"]
[WhiteElo "1608"]
[LiveChessVersion "1.4.8"]

1. d4 {[%clk 0:20:10]} d5 {[%clk 0:20:09]} 2. c4 {[%clk 0:20:10]} e6
{[%clk 0:20:12]} 3. Nc3 {[%clk 0:20:13]} Nf6 {[%clk 0:20:16]} 4. Bg5
{[%clk 0:20:12]} Be7 {[%clk 0:20:19]} 5. cxd5 {[%clk 0:20:11]} exd5
{[%clk 0:20:19]} 6. e3 c6 {[%clk 0:20:14]} 7. Bd3 {[%clk 0:20:08]} Nbd7
{[%clk 0:20:11]} 8. Qc2 {[%clk 0:20:10]} O-O {[%clk 0:20:13]} 9. Nf3
{[%clk 0:20:13]} Re8 {[%clk 0:20:08]} 10. O-O {[%clk 0:20:16]} h6
{[%clk 0:19:51]} 11. Bh4 {[%clk 0:20:18]} Nf8 {[%clk 0:18:42]} 12. Rab1
{[%clk 0:20:05]} Be6 {[%clk 0:18:19]} 13. b4 {[%clk 0:19:40]} a6 {[%clk 0:18:23]}
14. a4 {[%clk 0:19:13]} Ng4 {[%clk 0:17:29]} 15. Bxe7 {[%clk 0:18:53]} Qxe7
{[%clk 0:17:16]} 16. h3 {[%clk 0:18:46]} Nf6 {[%clk 0:17:21]} 17. b5
{[%clk 0:18:41]} axb5 {[%clk 0:17:24]} 18. axb5 {[%clk 0:18:44]} N8h7
{[%clk 0:16:49]} 19. Bxh7+ {[%clk 0:18:17]} Nxh7 {[%clk 0:16:52]} 20. bxc6
{[%clk 0:18:18]} bxc6 {[%clk 0:16:54]} 21. Rb6 {[%clk 0:18:11]} Rac8
{[%clk 0:16:38]} 22. Na4 {[%clk 0:16:55]} Bd7 {[%clk 0:15:04]} 23. Nc5
{[%clk 0:16:41]} Qd8 {[%clk 0:14:02]} 24. Rfb1 {[%clk 0:16:03]} g6
{[%clk 0:12:51]} 25. Qc3 {[%clk 0:14:35]} Ng5 {[%clk 0:11:18]} 26. Nxg5
{[%clk 0:14:35]} hxg5 {[%clk 0:11:18]} 27. Rc1 {[%clk 0:14:35]} f5
{[%clk 0:11:18]} 28. g4 {[%clk 0:14:35]} fxg4 {[%clk 0:11:18]} 29. Nxd7
{[%clk 0:14:35]} Qxd7 {[%clk 0:09:30]} 30. Rxc6 {[%clk 0:08:39]} gxh3
{[%clk 0:06:42]} 31. Rxc8 {[%clk 0:08:31]} Qg4+ {[%clk 0:06:46]} 32. Kf1
{[%clk 0:08:20]} Qg2+ {[%clk 0:06:47]} 33. Ke2 {[%clk 0:08:13]} Qg4+
{[%clk 0:06:11]} 34. Kd2 {[%clk 0:08:08]} 1-0

[Event "MCR mladeze v rapidu 2019"]
[Site "Trest"]
[Date "2019.09.07"]
[Round "6"]
[White "Brozka, Karel"]
[Black "Vilimek, Vit"]
[Result "1-0"]
[BlackElo "1663"]
[WhiteElo "1971"]
[LiveChessVersion "1.4.8"]

1. d4 {[%clk 0:20:07]} Nf6 {[%clk 0:20:07]} 2. Nf3 {[%clk 0:20:09]} d5
{[%clk 0:19:58]} 3. c4 {[%clk 0:20:11]} c6 {[%clk 0:19:52]} 4. Nc3
{[%clk 0:20:13]} e6 {[%clk 0:19:31]} 5. Bg5 {[%clk 0:20:16]} Be7 {[%clk 0:19:16]}
6. e3 {[%clk 0:20:18]} O-O {[%clk 0:19:16]} 7. cxd5 {[%clk 0:20:20]} cxd5
{[%clk 0:19:15]} 8. Bd3 {[%clk 0:19:57]} Nc6 {[%clk 0:18:48]} 9. a3
{[%clk 0:19:55]} h6 {[%clk 0:17:37]} 10. Bh4 {[%clk 0:19:54]} a6 {[%clk 0:15:28]}
11. Rc1 {[%clk 0:19:32]} Bd7 {[%clk 0:15:20]} 12. O-O {[%clk 0:19:11]} Na5
{[%clk 0:12:31]} 13. b4 {[%clk 0:17:00]} Nc6 {[%clk 0:11:39]} 14. Na4
{[%clk 0:15:47]} Bc8 {[%clk 0:07:09]} 15. Nc5 {[%clk 0:15:34]} Nd7
{[%clk 0:06:34]} 16. Bg3 {[%clk 0:13:25]} Nxc5 {[%clk 0:06:29]} 17. dxc5
{[%clk 0:12:13]} Bd7 {[%clk 0:04:51]} 18. Qc2 {[%clk 0:11:25]} Na7
{[%clk 0:02:15]} 19. Ne5 {[%clk 0:10:09]} Nc6 {[%clk 0:00:54]} 20. Nf3
{[%clk 0:09:04]} Na7 {[%clk 0:00:58]} 21. Nd4 {[%clk 0:08:04]} Nb5
{[%clk 0:00:10]} 22. Qb2 {[%clk 0:06:03]} Bf6 {[%clk 0:00:11]} 23. f4
{[%clk 0:05:02]} Nxd4 {[%clk 0:00:14]} 24. exd4 {[%clk 0:05:05]} Bb5
{[%clk 0:00:17]} 25. Rfd1 {[%clk 0:04:47]} Bxd3 {[%clk 0:00:20]} 26. Rxd3
{[%clk 0:04:50]} Qd7 {[%clk 0:00:18]} 27. Qb3 {[%clk 0:04:28]} Rfc8
{[%clk 0:00:18]} 28. Bf2 {[%clk 0:03:43]} Qc7 {[%clk 0:00:19]} 29. g3
{[%clk 0:03:42]} Qd7 {[%clk 0:00:15]} 30. Rdc3 {[%clk 0:03:31]} Rc6
{[%clk 0:00:18]} 31. a4 {[%clk 0:03:29]} Rcc8 {[%clk 0:00:23]} 32. b5
{[%clk 0:02:26]} axb5 {[%clk 0:00:25]} 33. axb5 {[%clk 0:02:30]} Ra5
{[%clk 0:00:21]} 34. Rb1 {[%clk 0:02:33]} Rc7 {[%clk 0:00:18]} 35. Rc2
{[%clk 0:02:11]} Be7 {[%clk 0:00:18]} 36. Ra2 {[%clk 0:02:04]} Rxa2
{[%clk 0:00:16]} 37. Qxa2 {[%clk 0:02:08]} Qc8 {[%clk 0:00:21]} 38. Qa7
{[%clk 0:01:54]} g5 {[%clk 0:00:19]} 39. fxg5 {[%clk 0:01:44]} Bxg5 40. Ra1
{[%clk 0:01:45]} Kg7 {[%clk 0:00:25]} 41. b6 {[%clk 0:01:19]} Rc6
{[%clk 0:00:28]} 42. Qa8 {[%clk 0:01:23]} Bd2 {[%clk 0:00:30]} 43. Ra7
{[%clk 0:01:24]} 1-0

[Event "MCR mladeze v rapidu 2019"]
[Site "Trest"]
[Date "2019.09.07"]
[Round "6"]
[White "Havelkova, Beata"]
[Black "Zelbova, Lada"]
[Result "0-1"]
[BlackElo "1521"]
[WhiteElo "1541"]
[LiveChessVersion "1.4.8"]

1. e4 {[%clk 0:20:08]} c5 {[%clk 0:20:09]} 2. c3 {[%clk 0:20:12]} d5
{[%clk 0:19:34]} 3. exd5 {[%clk 0:20:14]} Qxd5 {[%clk 0:19:36]} 4. d4
{[%clk 0:20:14]} cxd4 {[%clk 0:19:19]} 5. cxd4 {[%clk 0:20:16]} Nc6
{[%clk 0:18:39]} 6. Nf3 {[%clk 0:20:19]} Bg4 {[%clk 0:17:06]} 7. Be2
{[%clk 0:20:17]} e6 {[%clk 0:16:36]} 8. Nc3 {[%clk 0:19:46]} Bb4 {[%clk 0:16:16]}
9. O-O {[%clk 0:19:19]} Qd8 {[%clk 0:15:41]} 10. Be3 {[%clk 0:18:28]} Nf6
{[%clk 0:15:36]} 11. Rc1 {[%clk 0:17:00]} O-O {[%clk 0:15:28]} 12. a3
{[%clk 0:16:48]} Be7 {[%clk 0:14:31]} 13. b4 {[%clk 0:15:53]} Nd5
{[%clk 0:13:30]} 14. Qb3 {[%clk 0:14:31]} Nxc3 {[%clk 0:11:33]} 15. Qxc3
{[%clk 0:14:08]} Bf6 {[%clk 0:10:58]} 16. Rfd1 {[%clk 0:13:47]} Rc8
{[%clk 0:10:37]} 17. Qb2 {[%clk 0:13:23]} Ne7 {[%clk 0:09:38]} 18. Rxc8
{[%clk 0:12:33]} Qxc8 {[%clk 0:09:39]} 19. h3 {[%clk 0:11:06]} Bf5
{[%clk 0:09:33]} 20. Qb3 {[%clk 0:10:01]} Bc2 {[%clk 0:09:05]} 21. Qb2
{[%clk 0:09:01]} Bxd1 {[%clk 0:09:07]} 22. Bxd1 {[%clk 0:09:05]} Qc7
{[%clk 0:08:49]} 23. Bb3 {[%clk 0:08:35]} Rd8 {[%clk 0:08:33]} 24. Ne5
{[%clk 0:08:11]} Nc6 {[%clk 0:07:46]} 25. Nxc6 {[%clk 0:07:55]} Qxc6
{[%clk 0:07:41]} 26. Bc2 {[%clk 0:07:32]} Qd6 {[%clk 0:07:21]} 27. Qb1
{[%clk 0:07:24]} g6 {[%clk 0:07:21]} 28. d5 {[%clk 0:07:20]} Qxd5
{[%clk 0:07:19]} 29. Bxa7 {[%clk 0:07:20]} Bd4 {[%clk 0:07:08]} 30. Bxd4
{[%clk 0:07:18]} Qxd4 {[%clk 0:07:11]} 31. Kh2 {[%clk 0:06:46]} Qxf2
{[%clk 0:07:01]} 32. Be4 {[%clk 0:06:46]} Qa7 {[%clk 0:06:35]} 33. Qb2
{[%clk 0:06:39]} Ra8 {[%clk 0:06:30]} 34. b5 {[%clk 0:06:09]} Qxa3
{[%clk 0:06:27]} 35. Qxa3 {[%clk 0:06:04]} Rxa3 {[%clk 0:06:31]} 36. Bxb7
{[%clk 0:06:07]} Rb3 {[%clk 0:06:34]} 37. Bc6 {[%clk 0:06:10]} Kf8
{[%clk 0:06:14]} 38. Kg1 {[%clk 0:06:10]} Ke7 {[%clk 0:06:13]} 39. Kf2
{[%clk 0:06:12]} Kd6 {[%clk 0:06:11]} 40. Ke2 {[%clk 0:06:12]} Kc5
{[%clk 0:06:06]} 41. Kd2 {[%clk 0:06:10]} Rxb5 {[%clk 0:06:06]} 42. Bxb5
{[%clk 0:06:13]} Kxb5 {[%clk 0:06:09]} 43. Ke3 {[%clk 0:06:17]} Kc5
{[%clk 0:06:07]} 44. Kf4 {[%clk 0:06:16]} f6 {[%clk 0:06:09]} 45. g4
{[%clk 0:06:17]} Kd4 {[%clk 0:06:09]} 46. g5 e5+ 0-1

[Event "MCR mladeze v rapidu 2019"]
[Site "Trest"]
[Date "2019.09.07"]
[Round "6"]
[White "Dudkova, Josefina"]
[Black "Sehnoutkova, Laura"]
[Result "1-0"]
[BlackElo "1462"]
[WhiteElo "1407"]
[LiveChessVersion "1.4.8"]

1. e4 {[%clk 0:20:07]} c5 {[%clk 0:20:08]} 2. Nf3 {[%clk 0:20:07]} Nc6
{[%clk 0:20:11]} 3. d4 {[%clk 0:20:00]} cxd4 {[%clk 0:20:14]} 4. Nxd4
{[%clk 0:20:03]} g6 {[%clk 0:20:16]} 5. Nxc6 {[%clk 0:19:48]} bxc6
{[%clk 0:20:16]} 6. Nc3 {[%clk 0:19:38]} Bg7 {[%clk 0:20:15]} 7. Bc4
{[%clk 0:19:20]} d6 {[%clk 0:19:17]} 8. O-O {[%clk 0:18:40]} Nf6 {[%clk 0:19:17]}
9. Bg5 {[%clk 0:17:55]} O-O {[%clk 0:18:56]} 10. Kh1 {[%clk 0:16:54]} Re8
{[%clk 0:18:13]} 11. f4 {[%clk 0:16:17]} Be6 {[%clk 0:14:49]} 12. Bxe6
{[%clk 0:14:23]} fxe6 {[%clk 0:14:50]} 13. e5 {[%clk 0:12:26]} dxe5
{[%clk 0:14:17]} 14. fxe5 {[%clk 0:11:40]} Qxd1 {[%clk 0:13:54]} 15. Raxd1
{[%clk 0:11:40]} Nd5 {[%clk 0:13:39]} 16. Nxd5 {[%clk 0:10:55]} exd5
{[%clk 0:13:09]} 17. Bf4 {[%clk 0:10:37]} e6 {[%clk 0:12:59]} 18. Rd3
{[%clk 0:10:27]} Rf8 {[%clk 0:12:19]} 19. Rff3 {[%clk 0:08:50]} Rf7
{[%clk 0:10:58]} 20. Rc3 {[%clk 0:08:04]} Raf8 {[%clk 0:10:00]} 21. Bg3
{[%clk 0:07:15]} Rxf3 {[%clk 0:09:40]} 22. gxf3 {[%clk 0:07:14]} Rc8
{[%clk 0:09:38]} 23. b4 {[%clk 0:07:11]} a6 {[%clk 0:09:31]} 24. a4
{[%clk 0:07:10]} Kf7 {[%clk 0:08:35]} 25. b5 {[%clk 0:07:04]} axb5
{[%clk 0:08:36]} 26. axb5 {[%clk 0:07:08]} c5 {[%clk 0:08:35]} 27. b6
{[%clk 0:06:47]} Rb8 {[%clk 0:08:20]} 28. Rb3 {[%clk 0:06:50]} Rb7
{[%clk 0:08:00]} 29. f4 {[%clk 0:06:29]} Ke7 {[%clk 0:08:00]} 30. Bf2
{[%clk 0:06:22]} c4 {[%clk 0:07:59]} 31. Ra3 {[%clk 0:06:26]} Kd8
{[%clk 0:07:20]} 32. Ra7 {[%clk 0:06:23]} Rb8 {[%clk 0:06:21]} 33. Rxg7
{[%clk 0:06:21]} Kc8 {[%clk 0:06:16]} 34. Rxh7 {[%clk 0:06:04]} Rb7
{[%clk 0:06:09]} 35. Rxb7 {[%clk 0:05:39]} Kxb7 {[%clk 0:06:11]} 36. Kg2
{[%clk 0:05:43]} 1-0

[Event "MCR mladeze v rapidu 2019"]
[Site "Trest"]
[Date "2019.09.07"]
[Round "6"]
[White "Stavova, Marketa"]
[Black "Barteckova, Denisa"]
[Result "0-1"]
[BlackElo "1373"]
[WhiteElo "1341"]
[LiveChessVersion "1.4.8"]

1. e4 {[%clk 0:20:07]} d5 {[%clk 0:20:07]} 2. exd5 {[%clk 0:20:11]} Nf6
{[%clk 0:20:10]} 3. Nc3 {[%clk 0:20:13]} Nxd5 {[%clk 0:20:13]} 4. d4
{[%clk 0:20:10]} Nc6 {[%clk 0:20:16]} 5. Nf3 {[%clk 0:20:12]} Bg4
{[%clk 0:20:19]} 6. h3 {[%clk 0:20:14]} Bh5 {[%clk 0:20:04]} 7. Be2
{[%clk 0:20:14]} e6 {[%clk 0:20:01]} 8. Bf4 {[%clk 0:19:54]} Nxf4
{[%clk 0:19:47]} 9. g4 {[%clk 0:19:38]} Bg6 {[%clk 0:19:38]} 10. Qd2
{[%clk 0:19:41]} Nxe2 {[%clk 0:19:37]} 11. Qxe2 {[%clk 0:19:43]} Nxd4
{[%clk 0:19:29]} 12. Nxd4 {[%clk 0:19:41]} Qxd4 {[%clk 0:19:30]} 13. Rd1
{[%clk 0:19:43]} Qb6 {[%clk 0:19:08]} 14. b3 {[%clk 0:19:30]} Bb4
{[%clk 0:19:06]} 15. Qc4 {[%clk 0:18:42]} Bxc3+ {[%clk 0:19:06]} 16. Qxc3
{[%clk 0:18:45]} O-O {[%clk 0:19:06]} 17. O-O {[%clk 0:18:26]} c6
{[%clk 0:18:56]} 18. h4 {[%clk 0:18:09]} h6 {[%clk 0:18:55]} 19. h5
{[%clk 0:18:09]} Bh7 {[%clk 0:18:58]} 20. Kh1 {[%clk 0:17:44]} Rad8
{[%clk 0:18:55]} 21. Rxd8 {[%clk 0:17:43]} Rxd8 {[%clk 0:18:54]} 22. f3
{[%clk 0:17:41]} Qb5 {[%clk 0:18:40]} 23. Rg1 {[%clk 0:17:31]} Qe2
{[%clk 0:18:29]} 24. Rg2 {[%clk 0:17:11]} Qd1+ {[%clk 0:17:40]} 25. Rg1
{[%clk 0:17:10]} Qxc2 {[%clk 0:17:26]} 26. Qa5 {[%clk 0:17:03]} Qd3
{[%clk 0:17:09]} 27. Kh2 {[%clk 0:16:46]} b6 {[%clk 0:17:02]} 28. Qxa7
{[%clk 0:16:46]} Qxf3 {[%clk 0:16:57]} 29. Qxb6 {[%clk 0:16:39]} Rd2+
{[%clk 0:16:56]} 30. Rg2 {[%clk 0:16:31]} Qxg2# {[%clk 0:16:58]} 0-1

[Event "MCR mladeze v rapidu 2019"]
[Site "Trest"]
[Date "2019.09.07"]
[Round "6"]
[White "Seda, Michaela"]
[Black "Veverkova, Dorota"]
[Result "1-0"]
[BlackElo "1366"]
[WhiteElo "1357"]
[LiveChessVersion "1.4.8"]

1. e4 {[%clk 0:20:08]} c5 {[%clk 0:20:08]} 2. Nf3 {[%clk 0:20:11]} d6
{[%clk 0:20:11]} 3. d4 {[%clk 0:20:13]} cxd4 {[%clk 0:20:14]} 4. Nxd4
{[%clk 0:20:16]} Nf6 {[%clk 0:20:17]} 5. Nc3 {[%clk 0:20:19]} g6 {[%clk 0:20:20]}
6. Be3 {[%clk 0:20:15]} Bg7 {[%clk 0:20:13]} 7. f3 {[%clk 0:20:03]} O-O
{[%clk 0:20:10]} 8. Bc4 {[%clk 0:20:06]} Nc6 {[%clk 0:20:10]} 9. Qd2
{[%clk 0:19:48]} Bd7 {[%clk 0:19:47]} 10. Nxc6 {[%clk 0:19:49]} Bxc6
{[%clk 0:19:28]} 11. Bh6 {[%clk 0:19:52]} Rc8 {[%clk 0:19:12]} 12. Bb3
{[%clk 0:19:43]} b5 {[%clk 0:18:34]} 13. Bxg7 {[%clk 0:19:44]} Kxg7
{[%clk 0:18:36]} 14. O-O-O {[%clk 0:19:33]} a5 {[%clk 0:17:55]} 15. a3
{[%clk 0:19:15]} b4 {[%clk 0:17:37]} 16. axb4 {[%clk 0:18:39]} axb4
{[%clk 0:17:29]} 17. Na2 {[%clk 0:18:27]} Ra8 18. Qxb4 {[%clk 0:17:31]} Qc7
{[%clk 0:15:55]} 19. Qd4 {[%clk 0:16:07]} Rfc8 {[%clk 0:15:28]} 20. Qc4
{[%clk 0:15:45]} e6 {[%clk 0:14:36]} 21. Kb1 {[%clk 0:15:03]} Qd7
{[%clk 0:14:06]} 22. Qd3 {[%clk 0:14:56]} Rd8 {[%clk 0:13:24]} 23. Rd2
{[%clk 0:14:12]} Bb5 {[%clk 0:13:22]} 24. Qe3 {[%clk 0:13:13]} Ba4
{[%clk 0:13:00]} 25. Rhd1 {[%clk 0:11:49]} Qc6 {[%clk 0:11:59]} 26. e5
{[%clk 0:10:40]} Nd5 {[%clk 0:11:24]} 27. Bxd5 {[%clk 0:09:19]} exd5
{[%clk 0:11:23]} 28. exd6 {[%clk 0:08:29]} Rxd6 {[%clk 0:11:19]} 29. Qd4+
{[%clk 0:07:35]} Kg8 {[%clk 0:11:13]} 30. Qc3 {[%clk 0:05:36]} Qb5
{[%clk 0:10:54]} 31. Qb4 {[%clk 0:04:55]} Qc6 {[%clk 0:10:33]} 32. Qc3
{[%clk 0:04:26]} Ra6 {[%clk 0:09:46]} 33. Qxc6 {[%clk 0:04:21]} Rdxc6
{[%clk 0:09:49]} 34. Nb4 {[%clk 0:04:21]} Rd6 {[%clk 0:09:40]} 35. Nxa6
{[%clk 0:04:24]} Rxa6 {[%clk 0:09:43]} 36. Rxd5 {[%clk 0:04:26]} Rc6
{[%clk 0:09:45]} 37. b3 {[%clk 0:04:18]} Bxb3 {[%clk 0:09:44]} 38. cxb3
{[%clk 0:04:21]} Rb6 {[%clk 0:09:40]} 39. Kb2 {[%clk 0:04:24]} Kf8
{[%clk 0:09:37]} 40. Rd7 {[%clk 0:04:17]} Rb4 {[%clk 0:09:02]} 41. Ka3
{[%clk 0:04:17]} Rh4 {[%clk 0:09:01]} 42. h3 {[%clk 0:04:07]} Kg7
{[%clk 0:08:47]} 43. Re7 {[%clk 0:04:06]} Rf4 {[%clk 0:08:42]} 44. Rdd7
{[%clk 0:04:07]} Kg8 {[%clk 0:08:43]} 45. Rxf7 {[%clk 0:03:49]} Rxf7
{[%clk 0:08:44]} 46. Rxf7 {[%clk 0:03:52]} Kxf7 {[%clk 0:08:47]} 47. b4
{[%clk 0:03:56]} Ke7 {[%clk 0:08:50]} 48. b5 {[%clk 0:04:00]} Kd7
{[%clk 0:08:54]} 49. Kb4 {[%clk 0:04:03]} Kc7 {[%clk 0:08:58]} 50. Kc5
{[%clk 0:04:07]} h6 {[%clk 0:09:00]} 51. b6+ {[%clk 0:04:10]} Kb7
{[%clk 0:09:02]} 52. g4 {[%clk 0:04:12]} g5 {[%clk 0:09:05]} 53. Kd5
{[%clk 0:04:15]} Kxb6 {[%clk 0:09:07]} 54. Ke6 {[%clk 0:04:18]} Kc5
{[%clk 0:09:11]} 55. Kf6 {[%clk 0:04:22]} Kd4 {[%clk 0:09:13]} 56. Kg6
{[%clk 0:04:26]} Ke3 {[%clk 0:09:16]} 57. Kxh6 {[%clk 0:04:28]} Kxf3
{[%clk 0:09:19]} 58. Kxg5 {[%clk 0:04:31]} Kg3 {[%clk 0:09:22]} 59. h4
{[%clk 0:04:35]} Kf3 {[%clk 0:09:26]} 60. h5 {[%clk 0:04:42]} Ke4
{[%clk 0:09:33]} 61. h6 {[%clk 0:04:46]} Ke5 {[%clk 0:09:36]} 62. h7
{[%clk 0:04:49]} Ke6 {[%clk 0:09:39]} 63. h8=Q {[%clk 0:04:52]} Kd5
{[%clk 0:09:41]} 64. Qf6 {[%clk 0:04:54]} Ke4 {[%clk 0:09:43]} 65. Qf5+
{[%clk 0:04:57]} Ke3 {[%clk 0:09:46]} 66. Qf4+ {[%clk 0:05:00]} Kd3
{[%clk 0:09:49]} 67. Kf5 {[%clk 0:05:02]} Kc3 {[%clk 0:09:51]} 68. Qe4
{[%clk 0:05:04]} Kd2 {[%clk 0:09:54]} 69. Qf3 {[%clk 0:05:06]} Kc2
{[%clk 0:09:57]} 70. Qe3 Kb2 {[%clk 0:09:59]} 71. Qd3 {[%clk 0:05:12]} Kc1
{[%clk 0:10:02]} 72. Qe2 {[%clk 0:05:15]} Kb1 {[%clk 0:10:05]} 73. Ke4
{[%clk 0:05:18]} Ka1 {[%clk 0:10:08]} 74. Kd3 {[%clk 0:05:22]} Kb1
{[%clk 0:10:11]} 75. Kc3 {[%clk 0:05:25]} Ka1 {[%clk 0:10:14]} 76. Qb2#
{[%clk 0:05:29]} 1-0

[Event "MCR mladeze v rapidu 2019"]
[Site "Trest"]
[Date "2019.09.07"]
[Round "6"]
[White "Juhanak, Daniel"]
[Black "Zelba, Lukas"]
[Result "1-0"]
[BlackElo "1656"]
[WhiteElo "1635"]
[LiveChessVersion "1.4.8"]

1. d4 {[%clk 0:20:04]} e6 {[%clk 0:20:08]} 2. Nf3 {[%clk 0:20:04]} c5
{[%clk 0:20:07]} 3. g3 {[%clk 0:19:59]} Nf6 {[%clk 0:20:06]} 4. Bg2
{[%clk 0:20:02]} d5 {[%clk 0:20:09]} 5. O-O {[%clk 0:19:57]} Nc6 {[%clk 0:20:10]}
6. e3 {[%clk 0:17:47]} Be7 {[%clk 0:19:57]} 7. c4 {[%clk 0:16:01]} O-O
{[%clk 0:19:36]} 8. Nc3 {[%clk 0:12:53]} cxd4 {[%clk 0:19:16]} 9. Nxd4
{[%clk 0:12:40]} Nxd4 {[%clk 0:19:07]} 10. Qxd4 {[%clk 0:12:41]} dxc4
{[%clk 0:19:03]} 11. Qxc4 {[%clk 0:12:29]} Rb8 {[%clk 0:18:31]} 12. e4
{[%clk 0:11:49]} a6 {[%clk 0:16:46]} 13. Bf4 {[%clk 0:11:26]} b5 {[%clk 0:16:22]}
14. Qb3 {[%clk 0:11:10]} Rb6 {[%clk 0:15:59]} 15. Rfd1 {[%clk 0:10:49]} Qe8
{[%clk 0:15:09]} 16. Rac1 {[%clk 0:08:59]} a5 {[%clk 0:14:56]} 17. e5
{[%clk 0:07:50]} Nd7 {[%clk 0:14:39]} 18. Be3 {[%clk 0:07:38]} Bc5
{[%clk 0:13:43]} 19. Bxc5 {[%clk 0:06:19]} Nxc5 {[%clk 0:13:46]} 20. Qa3
{[%clk 0:06:06]} b4 {[%clk 0:08:53]} 21. Qxa5 {[%clk 0:06:07]} Ra6
{[%clk 0:08:58]} 22. Qxc5 {[%clk 0:06:08]} bxc3 {[%clk 0:09:01]} 23. Qxc3
{[%clk 0:05:44]} Rxa2 {[%clk 0:09:02]} 24. Qb3 {[%clk 0:05:13]} Ra5
{[%clk 0:08:50]} 25. Qb4 {[%clk 0:04:41]} Rxe5 {[%clk 0:08:23]} 26. Bc6 1-0

[Event "MCR mladeze v rapidu 2019"]
[Site "Trest"]
[Date "2019.09.07"]
[Round "6"]
[White "Jasso, Matej"]
[Black "Garabik, Marek"]
[Result "0-1"]
[BlackElo "1413"]
[WhiteElo "1553"]
[LiveChessVersion "1.4.8"]

1. e4 {[%clk 0:20:02]} e6 {[%clk 0:20:01]} 2. d4 d5 3. e5 {[%clk 0:20:05]} c5
{[%clk 0:20:10]} 4. c3 {[%clk 0:20:09]} Nc6 {[%clk 0:20:14]} 5. Nf3
{[%clk 0:20:13]} Bd7 {[%clk 0:20:17]} 6. Be2 {[%clk 0:20:08]} Qb6
{[%clk 0:20:19]} 7. O-O {[%clk 0:20:09]} Nge7 {[%clk 0:20:21]} 8. dxc5
{[%clk 0:20:00]} Qxc5 {[%clk 0:20:21]} 9. Be3 {[%clk 0:20:03]} Qa5
{[%clk 0:20:20]} 10. Nbd2 {[%clk 0:19:49]} Nf5 {[%clk 0:20:16]} 11. Nb3
{[%clk 0:19:52]} Nxe3 {[%clk 0:19:46]} 12. fxe3 {[%clk 0:19:38]} Qc7
{[%clk 0:19:48]} 13. Bb5 {[%clk 0:19:34]} a6 {[%clk 0:16:40]} 14. Bxc6
{[%clk 0:19:19]} Bxc6 {[%clk 0:16:44]} 15. Qd4 {[%clk 0:18:59]} Be7
{[%clk 0:16:22]} 16. Qf4 {[%clk 0:18:31]} Bb5 {[%clk 0:15:43]} 17. Rf2
{[%clk 0:18:01]} h6 {[%clk 0:13:18]} 18. Nfd4 {[%clk 0:18:01]} Bg5
{[%clk 0:11:35]} 19. Nxb5 {[%clk 0:17:24]} axb5 {[%clk 0:11:38]} 20. Qg3
{[%clk 0:17:03]} Qe7 {[%clk 0:10:31]} 21. Qf3 {[%clk 0:15:06]} Qd7
{[%clk 0:09:05]} 22. Rd1 {[%clk 0:13:03]} Rd8 {[%clk 0:07:28]} 23. Nc5
{[%clk 0:11:31]} Qc7 {[%clk 0:05:58]} 24. e4 {[%clk 0:07:04]} O-O
{[%clk 0:04:40]} 25. Nd3 {[%clk 0:06:29]} dxe4 {[%clk 0:04:33]} 26. Qxe4
{[%clk 0:06:31]} Be7 {[%clk 0:04:25]} 27. Rf3 {[%clk 0:03:21]} Bc5+
{[%clk 0:04:01]} 28. Kh1 {[%clk 0:03:22]} Qc6 {[%clk 0:03:05]} 29. Qg4
{[%clk 0:02:41]} Be7 {[%clk 0:02:43]} 30. Rg3 {[%clk 0:02:32]} g5
{[%clk 0:02:31]} 31. Rf1 {[%clk 0:01:52]} Qc4 {[%clk 0:01:53]} 32. Qxc4
{[%clk 0:01:52]} bxc4 33. Nb4 {[%clk 0:01:42]} Bxb4 {[%clk 0:01:59]} 34. cxb4
{[%clk 0:01:46]} Rd2 {[%clk 0:02:02]} 35. Rb1 {[%clk 0:01:33]} Rfd8
{[%clk 0:02:04]} 36. h3 {[%clk 0:01:37]} b5 {[%clk 0:02:06]} 37. h4
{[%clk 0:01:22]} Rd1+ {[%clk 0:01:55]} 38. Rxd1 {[%clk 0:01:25]} Rxd1+
{[%clk 0:01:59]} 39. Kh2 {[%clk 0:01:29]} Re1 {[%clk 0:01:55]} 40. hxg5
{[%clk 0:01:31]} Rxe5 {[%clk 0:01:52]} 41. gxh6+ {[%clk 0:01:35]} Kh7
{[%clk 0:01:56]} 42. Rg7+ {[%clk 0:01:38]} Kh8 {[%clk 0:01:59]} 43. Rxf7
{[%clk 0:01:37]} Rh5+ {[%clk 0:02:03]} 44. Kg1 {[%clk 0:01:40]} Rxh6
{[%clk 0:02:07]} 45. Rb7 {[%clk 0:01:30]} Rh5 {[%clk 0:02:10]} 46. Rb6
{[%clk 0:01:33]} Re5 {[%clk 0:02:13]} 47. Kf2 {[%clk 0:01:36]} Kg7
{[%clk 0:02:17]} 48. Kf3 {[%clk 0:01:39]} Kf7 {[%clk 0:02:17]} 49. b3
{[%clk 0:01:27]} cxb3 {[%clk 0:02:15]} 50. axb3 {[%clk 0:01:31]} Kf6
{[%clk 0:02:19]} 51. g4 {[%clk 0:01:30]} Rd5 {[%clk 0:02:18]} 52. Ke4
{[%clk 0:01:25]} Re5+ {[%clk 0:02:11]} 53. Kf4 {[%clk 0:01:28]} Rd5
{[%clk 0:02:14]} 54. g5+ {[%clk 0:01:30]} Rxg5 {[%clk 0:01:59]} 55. Rxe6+
{[%clk 0:01:26]} Kxe6 {[%clk 0:02:04]} 56. Kxg5 {[%clk 0:01:30]} Kd5
{[%clk 0:02:08]} 57. Kf5 {[%clk 0:01:33]} Kd4 {[%clk 0:02:13]} 58. Ke6
{[%clk 0:01:29]} Kc3 {[%clk 0:02:13]} 59. Kd5 {[%clk 0:01:32]} Kxb4
{[%clk 0:02:17]} 60. Kd4 {[%clk 0:01:36]} Kxb3 {[%clk 0:02:20]} 61. Kd3
{[%clk 0:01:39]} Kb2 {[%clk 0:02:24]} 62. Kd4 {[%clk 0:01:43]} b4
{[%clk 0:02:28]} 63. Kc4 {[%clk 0:01:47]} b3 {[%clk 0:02:33]} 64. Kd3
{[%clk 0:01:51]} Ka2 {[%clk 0:02:35]} 65. Kd2 {[%clk 0:01:54]} b2
{[%clk 0:02:39]} 66. Kd3 {[%clk 0:01:58]} b1=Q+ {[%clk 0:02:42]} 67. Ke3
{[%clk 0:02:02]} Qc2 {[%clk 0:02:45]} 68. Kf3 {[%clk 0:02:07]} Qd2
{[%clk 0:02:49]} 69. Kg3 {[%clk 0:02:11]} Qe2 {[%clk 0:02:53]} 70. Kh3
{[%clk 0:02:15]} Qf2 {[%clk 0:02:57]} 71. Kg4 {[%clk 0:02:19]} Kb3
{[%clk 0:03:00]} 72. Kh5 {[%clk 0:02:23]} Qg3 {[%clk 0:03:05]} 73. Kh6
{[%clk 0:02:27]} Kc4 {[%clk 0:03:09]} 74. Kh5 {[%clk 0:02:31]} Kd5
{[%clk 0:03:13]} 75. Kh6 {[%clk 0:02:35]} Ke6 {[%clk 0:03:18]} 76. Kh5
{[%clk 0:02:39]} Kf5 {[%clk 0:03:22]} 77. Kh6 {[%clk 0:02:42]} Qg6#
{[%clk 0:03:27]} 0-1

[Event "MCR mladeze v rapidu 2019"]
[Site "Trest"]
[Date "2019.09.07"]
[Round "6"]
[White "Delgerdalai, Bayarjavkhlan"]
[Black "Bartak, Josef"]
[Result "1-0"]
[BlackElo "1493"]
[WhiteElo "1491"]
[LiveChessVersion "1.4.8"]

1. e4 e5 2. Nf3 Nc6 3. Bc4 Nf6 4. Ng5 d5 5. exd5 Na5 6. Bb5+ Bd7 7. Qe2 Bd6 8.
Nc3 c6 9. dxc6 Nxc6 10. Bxc6 Bxc6 11. O-O Nd5 12. Nxd5 Bxd5 13. Ne4 f5 14. Nxd6+
Qxd6 15. Re1 e4 16. Qb5+ Kf7 17. c4 a6 18. Qxd5+ Qxd5 19. cxd5 Rad8 20. b3 Rxd5
21. Rd1 Rhd8 22. a3 Rd3 23. Rb1 f4 24. Re1 e3 25. fxe3 fxe3 26. dxe3 Rd1 27. Rxd1
Rxd1+ 28. Kf2 Ke6 29. Ke2 Rg1 30. g3 Rg2+ 31. Kd3 Rg1 32. Ra1 Rh1 33. Bb2 Rxh2
34. Bxg7 Rg2 35. Bd4 Rxg3 36. Rh1 Rg2 37. Rxh7 b5 38. Rh6+ Kd5 39. e4# 1-0

[Event "MCR mladeze v rapidu 2019"]
[Site "Trest"]
[Date "2019.09.07"]
[Round "6"]
[White "Roubal, Matyas"]
[Black "Gorej, Vojtech"]
[Result "0-1"]
[BlackElo "1567"]
[WhiteElo "1561"]
[LiveChessVersion "1.4.8"]

1. e4 e5 2. Nf3 Nc6 3. Nc3 Bb4 4. Bb5 d6 5. O-O Nf6 6. Nd5 Bc5 7. d4 exd4 8. Bg5
Bd7 9. Bxf6 gxf6 10. b4 Bb6 11. Nxb6 axb6 12. Nxd4 Nxd4 13. Bxd7+ Qxd7 14. Qxd4
Qe6 15. c4 O-O-O 16. f4 Rhg8 17. f5 Qe5 18. Qxe5 fxe5 19. h3 Rg3 20. Rac1 Rdg8
21. Rc2 Rxh3 22. Re1 Rhg3 23. Ree2 h5 24. Kh2 f6 25. c5 bxc5 26. bxc5 Kd7 27.
cxd6 cxd6 28. Rb2 Rc3 29. Rxb7+ Rc7 30. Rb6 Rgc8 31. Rd2 Rc6 32. Rb5 Rc5 33. Rb3
Rc4 34. Re3 Ra4 35. a3 Rcc4 36. Rde2 Kc6 37. Kh3 d5 38. exd5+ Kxd5 39. Rg3 Rh4#
0-1